Love overboard / Janet Evanovich.
Stephanie Lowe agrees to help out on a voyage of Ivan Rasmussen's Maine coastal cruise, and she goes from considering him "Ivan the Terrible" to falling for his looks, touch, and heart.
Record details
- ISBN: 9780060598846
- ISBN: 0060598840
- Physical Description: 266 pages ; 18 cm
- Publisher: New York : HarperTorch, 2005.
Content descriptions
| General Note: | "Originally published as a Loveswept paperback in 1989, in a slightly altered form, as "Ivan takes a wife, by Bantam books"--Title page verso. |
Search for related items by subject
| Subject: | Maine > Fiction. |
| Genre: | Romance fiction. |
| LDR | 01315cam a2200337Ia 4500 | ||
|---|---|---|---|
| 001 | 153953 | ||
| 003 | CONS | ||
| 005 | 20200327064837.0 | ||
| 008 | 050121s2005 nyu 000 f eng d | ||
| 010 | . | ‡a 2005588179 | |
| 020 | . | ‡a9780060598846 ‡q(pbk.) | |
| 020 | . | ‡a0060598840 ‡q(pbk.) | |
| 035 | . | ‡a(CPomAG)LMN617693 | |
| 043 | . | ‡an-us-me | |
| 050 | 4. | ‡aPS3555 .V2126 ‡bL68 2005 | |
| 082 | 0 | 4. | ‡a813/.54 ‡222 |
| 100 | 1 | . | ‡aEvanovich, Janet. |
| 245 | 1 | 0. | ‡aLove overboard / ‡cJanet Evanovich. |
| 260 | . | ‡aNew York : ‡bHarperTorch, ‡c2005. | |
| 300 | . | ‡a266 pages ; ‡c18 cm | |
| 336 | . | ‡atext ‡btxt ‡2rdacontent | |
| 337 | . | ‡aunmediated ‡bn ‡2rdamedia | |
| 338 | . | ‡avolume ‡bnc ‡2rdacarrier | |
| 500 | . | ‡a"Originally published as a Loveswept paperback in 1989, in a slightly altered form, as "Ivan takes a wife, by Bantam books"--Title page verso. | |
| 520 | . | ‡aStephanie Lowe agrees to help out on a voyage of Ivan Rasmussen's Maine coastal cruise, and she goes from considering him "Ivan the Terrible" to falling for his looks, touch, and heart. | |
| 651 | 0. | ‡aMaine ‡vFiction. | |
| 655 | 7. | ‡aRomance fiction. ‡2lcgft | |
| 740 | 1 | 0. | ‡aIvan takes a wife |
| 914 | . | ‡aSCP_LP ‡dLMN_cm | |
| 959 | . | ‡i32269001148751 ‡lF Eva ‡aAdult - Fiction ‡tPaperback ‡g15.00 | |
| 852 | . | ‡p32269001148751 ‡jF Eva ‡gAdult - Fiction ‡cPaperback ‡y15.00 ‡bSBPL | |
| 901 | . | ‡a153953 ‡bUnknown ‡c153953 ‡tbiblio | |